000 00222 a2200097 4500
001 46131
100 _aPartridge E
245 _aA Dictionary of Abbreviations
260 _aLondon
_bGeorge Allen
_c
090 _c29234
_d29234
942 _aNUST-CAE
_cM
_c21374
999 _c281204
_d281204